Normal view MARC view

Entry Personal Name

Number of records used in: 1

001 - CONTROL NUMBER

  • control field: 42209

003 - CONTROL NUMBER IDENTIFIER

  • control field: dpl

005 - DATE AND TIME OF LATEST TRANSACTION

  • control field: 20120216102919.0

008 - FIXED-LENGTH DATA ELEMENTS

  • fixed length control field: 120216|||a|||||| | ||| d

040 ## - CATALOGING SOURCE

  • Original cataloging agency: dpl
  • Transcribing agency: dpl

100 ## - HEADING--PERSONAL NAME

  • Personal name: आनंदमूर्ति गुरू माँ

670 ## - SOURCE DATA FOUND

  • Source citation: Work cat.: (dpl): आनंदमूर्ति गुरू माँ, अंतर्दृष्टि /, 2005

670 ## - SOURCE DATA FOUND

  • Source citation: Work cat.: (dpl): आनंदमूर्ति गुरू माँ, अंतर्दृष्टि /, 2005

© Delhi Public Library
Hit Counter
free hit counter